MARC details
| 000 -CABECERA |
| campo de control de longitud fija |
01130nam a2200265 a 4500 |
| 001 - NÚMERO DE CONTROL |
| campo de control |
000010858 |
| 005 - FECHA Y HORA DE LA ÚLTIMA TRANSACCIÓN |
| campo de control |
20240410073845.0 |
| 008 - DATOS DE LONGITUD FIJA--INFORMACIÓN GENERAL |
| campo de control de longitud fija |
091012s1978 dr 001 0 spa d |
| 020 ## - NÚMERO INTERNACIONAL ESTÁNDAR DEL LIBRO |
| Número Internacional Estándar del Libro |
8484010198 |
| 040 ## - FUENTE DE LA CATALOGACIÓN |
| Centro catalogador/agencia de origen |
DO-SdBNP |
| Lengua de catalogación |
spa |
| Centro/agencia transcriptor |
BNPHU |
| 082 ## - NÚMERO DE LA CLASIFICACIÓN DECIMAL DEWEY |
| Número de clasificación |
972.9304 |
| Número de documento/Ítem |
P844d |
| 100 1# - ENTRADA PRINCIPAL--NOMBRE DE PERSONA |
| Nombre de persona |
Porter, David D. |
| Fechas asociadas al nombre |
[1813-1891] |
| Forma completa/desarrollada del nombre |
(David Dixon), |
| 9 (RLIN) |
26190 |
| 245 10 - MENCIÓN DE TÍTULO |
| Título |
Diario de una misión secreta a Santo Domingo (1846) / |
| Mención de responsabilidad, etc. |
David Dixon Porter ; traducción, P. Gustavo Amigo Jensen. |
| 260 ## - PUBLICACIÓN, DISTRIBUCIÓN, ETC. |
| Lugar de publicación, distribución, etc. |
Santo Domingo : |
| Nombre del editor, distribuidor, etc. |
Editora de Santo Domingo, |
| Fecha de publicación, distribución, etc. |
1978. |
| 300 ## - DESCRIPCIÓN FÍSICA |
| Extensión |
xiii, 268 p. ; |
| Dimensiones |
24 cm. |
| 490 1# - MENCIÓN DE SERIE |
| Mención de serie |
Sociedad Domicana de Bibliófilos |
| -- |
Cultura dominicana, |
| Designación de volumen o secuencia |
28 |
| 500 ## - NOTA GENERAL |
| Nota general |
Incluye referencias bibliográficas y notas al pie de las páginas |
| 590 ## - NOTA LOCAL (RLIN) |
| Nota local |
Inventariado, 2020/MF |
| 600 14 - PUNTO DE ACCESO ADICIONAL DE MATERIA--NOMBRE DE PERSONA |
| Nombre de persona |
POTER, DAVID D. |
| Forma completa/desarrollada del nombre |
(DAVID DIXON), |
| Fechas asociadas al nombre |
1813-1891 |
| 9 (RLIN) |
26191 |
| 651 #0 - PUNTO DE ACCESO ADICIONAL DE MATERIA--NOMBRE GEOGRÁFICO |
| Nombre geográfico |
República Dominicana -- |
| Subdivisión general |
Historia -- |
| Subdivisión cronológica |
1844-1930 |
| 9 (RLIN) |
1009 |
| 651 #4 - PUNTO DE ACCESO ADICIONAL DE MATERIA--NOMBRE GEOGRÁFICO |
| Nombre geográfico |
República Dominicana |
| Subdivisión general |
Historia |
| 9 (RLIN) |
170 |
| 700 12 - PUNTO DE ACCESO ADICIONAL--NOMBRE DE PERSONA |
| Nombre de persona |
Amigo Jensen, P. Gustavo |
| Término indicativo de función/relación |
tr. |
| 9 (RLIN) |
26192 |
| 830 #0 - PUNTO DE ACCESO ADICIONAL DE SERIE-TÍTULO UNIFORME |
| Título uniforme |
Sociedad Domicana de Bibliófilos |
| Designación de volumen o secuencia |
28 |
| Nombre de parte o sección de la obra |
Cultura dominicana, |
| 9 (RLIN) |
26193 |
| 910 ## - DATOS DE OPCIÓN DEL USUARIO (OCLC) |
| Datos de opción del usuario |
Validado. Control de calidad MFF |